| 000 | 00811nam a22002297a 4500 | ||
|---|---|---|---|
| 003 | BUBTL | ||
| 008 | 230101b ||||| |||| 00| 0 eng d | ||
| 020 | _a9780521431460 | ||
| 082 | _a425/ H8662c/ 2002 | ||
| 100 |
_95120 _aHuddleston, Rodney |
||
| 245 |
_aThe Cambridge Grammar of the English Language/ _cRodney Huddleston, Geoffrey K. Pullum |
||
| 250 | _a1st Edn. | ||
| 260 |
_aCambridge: _bCambridge University Press, _cc2002 |
||
| 300 |
_axvii, 1842p.: _bill.; _c25 cm. |
||
| 500 | _aIncludes Index | ||
| 505 | _aThe Cambridge Grammar of the English Language, English Language, English, Rodney Huddleston, Geoffrey K. Pullum | ||
| 650 | 0 |
_9194 _aEnglish Language |
|
| 700 |
_95121 _aPullum, Geoffrey K. |
||
| 856 |
_k0 _l0 _yDownload |
||
| 942 |
_2ddc _cBK |
||
| 999 |
_c6890 _d6890 |
||